Bài tập và bài học PowerPoint XP

Wedi'i Gadw mewn:
Manylion Llyfryddiaeth
Prif Awdur: Võ, Văn Viện
Fformat: Llyfr
Iaith:Undetermined
Cyhoeddwyd: Hà Nội Thống kê 2005
Pynciau:
Tagiau: Ychwanegu Tag
Dim Tagiau, Byddwch y cyntaf i dagio'r cofnod hwn!
Thư viện lưu trữ: Trung tâm Học liệu Trường Đại học Cần Thơ
LEADER 00537nam a2200193Ia 4500
001 CTU_92272
008 210402s9999 xx 000 0 und d
020 |c 32000 
082 |a 005.3 
082 |b V305 
100 |a Võ, Văn Viện 
245 0 |a Bài tập và bài học PowerPoint XP 
245 0 |c Võ Văn Viện 
260 |a Hà Nội 
260 |b Thống kê 
260 |c 2005 
650 |a Power point ( computer programs ) 
904 |i Trúc 
980 |a Trung tâm Học liệu Trường Đại học Cần Thơ